LIBRARY & INFORMATION CENTRE, KCAET, TAVANUR

ONLINE PUBLIC ACCESS CATALOGUE (OPAC)

Solutions to problems in a treatise on hydraulics and hydraulic machinery / (Record no. 9686)

MARC details
000 -LEADER
fixed length control field 00484cam a2200181ua 4500
041 ## - LANGUAGE CODE
Language code of text/sound track or separate title eng
082 ## - DEWEY DECIMAL CLASSIFICATION NUMBER
Classification number 621.2
Item number PRI/SO
100 ## - MAIN ENTRY--AUTHOR NAME
Personal name Priyani, V B .
245 ## - TITLE STATEMENT
Title Solutions to problems in a treatise on hydraulics and hydraulic machinery /
250 ## - EDITION STATEMENT
Edition statement 1 /
260 ## - PUBLICATION, DISTRIBUTION, ETC. (IMPRINT)
Place of publication Anand :
Name of publisher Charotar publishing house ,
Year of publication 1968.
300 ## - PHYSICAL DESCRIPTION
Number of Pages 109 ; .
942 ## - ADDED ENTRY ELEMENTS (KOHA)
Koha item type Books
Holdings
Withdrawn status Lost status Damaged status Home library Current library Date acquired Full call number Accession Number Koha item type
      KAUAET KAUAET 07/04/2012 621.2 12879 Books
free website counter